[Event "Seoul op"]
[Site "Seoul"]
[Date "2008.12.04"]
[Round "7"]
[White "Altanoch, Gendengin"]
[Black "Ehlvest, Jaan"]
[Result "0-1"]
[WhiteElo "2216"]
[BlackElo "2581"]
[PlyCount "114"]
[EventDate "2008.12.01"]
[EventType "swiss"]
[EventRounds "9"]
[EventCountry "KOR"]
[SourceTitle "EXT 2010"]
[Source "ChessBase"]
[SourceDate "2010.11.25"]
[SourceVersion "1"]
[SourceVersionDate "2010.11.25"]
[SourceQuality "1"]

1. d4 Nf6 2. c4 g6 3. Nc3 Bg7 4. e4 d6 5. Be2 0-0 6. Bg5 Na6 7. Qd2 Qe8 8. Bd1 e5 9. d5 Nc5 10. Bc2 a5 11. Nge2 Bd7 12. f3 h5 13. h3 Nh7 14. Bh6 Qe7 15. Bxg7 Kxg7 16. 0-0-0 h4 17. Rde1 Nf6 18. f4 exf4 19. Nxf4 Rae8 20. Rhf1 Qe5 21. Qe2 Re7 22. Qf3 Qg5 23. Kb1 Rfe8 24. Re2 Rh8 25. Ref2 Nh5 26. Nxh5+ Rxh5 27. Qd1 Be8 28. Rf4 Qxg2 29. Rg1 Qh2 30. Qf1 Qd2 31. Rg2 Qd4 32. Nb5 Qe5 33. Rgf2 Kg8 34. Nc3 Qh8 35. Rf6 Nd7 36. R6f4 Ne5 37. Rf6 Bd7 38. Nb5 Bxb5 39. cxb5 b6 40. Bd1 Rg5 41. Bg4 Qg7 42. R2f4 Nxg4 43. hxg4 Rge5 44. g5 Rxe4 45. Rxe4 Rxe4 46. Qh1 Re5 47. Qxh4 Rxd5 48. a4 Re5 49. Rf1 Re2 50. Rf6 Re7 51. Qh3 Qf8 52. Ka2 Qe8 53. Qc3 Qd7 54. Ka3 Re5 55. Rf3 Rxg5 56. Rh3 Re5 57. b3 d5 0-1

[Event "Minneapolis HB Global op"]
[Site "Minneapolis"]
[Date "2005.05.19"]
[Round "2"]
[White "Ivanov, Alexander"]
[Black "Altanoch, Gendengin"]
[Result "1/2-1/2"]
[WhiteElo "2563"]
[BlackElo "2272"]
[PlyCount "101"]
[EventDate "2005.05.18"]
[EventType "swiss"]
[EventRounds "9"]
[EventCountry "USA"]
[SourceTitle "CBM 107"]
[Source "ChessBase"]
[SourceDate "2005.08.01"]
[SourceVersion "1"]
[SourceVersionDate "2005.08.01"]
[SourceQuality "1"]

1. e4 c6 2. d4 d5 3. e5 Bf5 4. h4 h5 5. c4 e6 6. Nc3 a6 7. Bg5 Be7 8. Qd2 Nd7 9. Nf3 Nh6 10. Bd3 Bxd3 11. Qxd3 g6 12. cxd5 cxd5 13. Bxh6 Rxh6 14. Rc1 Kf8 15. g3 Kg7 16. Rc2 Rh8 17. 0-0 Nb6 18. Nd1 Rc8 19. Ne3 Rxc2 20. Qxc2 Qc8 21. Qb1 Qd7 22. Rc1 Rc8 23. g4 hxg4 24. Rxc8 Qxc8 25. Nxg4 Qh8 26. Qc1 Qh5 27. Qf4 Qf5 28. Qxf5 gxf5 29. Ne3 Kg6 30. Kg2 Na4 31. Nd1 Nb6 32. b3 Nd7 33. Nc3 Nb8 34. Na4 Nc6 35. Nb6 Ba3 36. Nc8 b5 37. Nd6 Bb2 38. h5+ Kxh5 39. Nxf7 Bxd4 40. N3g5 Bxe5 41. Nxe6 Bb2 42. Nf4+ Kg4 43. Nxd5 f4 44. f3+ Kf5 45. Nc7 Nb4 46. a4 bxa4 47. bxa4 Be5 48. Nxe5 Kxe5 49. Kh3 Kf5 50. a5 Nc6 51. Nxa6 1/2-1/2

[Event "Olympiad-36"]
[Site "Mallorca"]
[Date "2004.10.27"]
[Round "12"]
[White "Altanoch, Gendengin"]
[Black "Karim, Ismael"]
[Result "1-0"]
[WhiteElo "2279"]
[BlackElo "2228"]
[PlyCount "113"]
[EventDate "2004.10.15"]
[EventType "team-swiss"]
[EventRounds "14"]
[EventCountry "ESP"]
[SourceTitle "CBM 104"]
[Source "ChessBase"]
[SourceDate "2005.01.27"]
[SourceVersion "1"]
[SourceVersionDate "2005.01.27"]
[SourceQuality "1"]
[WhiteTeam "Mongolia"]
[BlackTeam "Morocco"]
[WhiteTeamCountry "MGL"]
[BlackTeamCountry "MAR"]

1. d4 Nf6 2. c4 g6 3. Nc3 Bg7 4. e4 d6 5. Be2 0-0 6. Bg5 c5 7. dxc5 dxc5 8. Qxd8 Rxd8 9. e5 Nfd7 10. e6 fxe6 11. Nb5 Na6 12. 0-0-0 Re8 13. h4 Nb6 14. b3 Bd7 15. Bg4 Kf7 16. Nh3 Bxb5 17. cxb5 Nc7 18. Bf4 e5 19. Ng5+ Kg8 20. Be3 e6 21. a4 h6 22. Ne4 Nbd5 23. Bxc5 Nf6 24. Bf3 Nxe4 25. Bxe4 Nd5 26. Kb2 b6 27. Rxd5 exd5 28. Bxd5+ Kh7 29. Bxa8 Rxa8 30. Be3 Rd8 31. Rc1 Rd7 32. Rc6 h5 33. Kc2 Bf8 34. Rc4 Kg7 35. b4 Bd6 36. a5 Rc7 37. Kb3 Kf7 38. Rc6 Rxc6 39. bxc6 bxa5 40. b5 Ke7 41. Bxa7 Kd8 42. Bb6+ Kc8 43. Ka4 Bb4 44. Bxa5 Bc5 45. f3 Bf2 46. b6 Bxh4 47. Bc3 Bg3 48. Bb4 e4 49. fxe4 g5 50. Kb5 g4 51. Ka6 h4 52. b7+ Kc7 53. Kb5 h3 54. Ba5+ Kb8 55. Ka6 h2 56. Bb6 h1Q 57. c7+ 1-0

[Event "Olympiad-36"]
[Site "Mallorca"]
[Date "2004.10.20"]
[Round "6"]
[White "Altanoch, Gendengin"]
[Black "Molander, Riku"]
[Result "0-1"]
[WhiteElo "2279"]
[BlackElo "2328"]
[PlyCount "44"]
[EventDate "2004.10.15"]
[EventType "team-swiss"]
[EventRounds "14"]
[EventCountry "ESP"]
[SourceTitle "CBM 104"]
[Source "ChessBase"]
[SourceDate "2005.01.27"]
[SourceVersion "1"]
[SourceVersionDate "2005.01.27"]
[SourceQuality "1"]
[WhiteTeam "Mongolia"]
[BlackTeam "Finland"]
[WhiteTeamCountry "MGL"]
[BlackTeamCountry "FIN"]

1. d4 d6 2. c4 e5 3. Nf3 exd4 4. Nxd4 g6 5. Nc3 Bg7 6. e4 Ne7 7. h4 h6 8. h5 g5 9. Be2 Nbc6 10. Nc2 Be6 11. Ne3 Qd7 12. g4 Ne5 13. Ncd5 c6 14. Nxe7 Qxe7 15. Bd2 0-0 16. Bb4 Nxc4 17. Nxc4 Bxc4 18. Bxd6 Qxe4 19. f3 Qe3 20. Bxf8 Be5 21. Qd2 Bg3+ 22. Kd1 Rd8 0-1

[Event "Asia-ch 4th"]
[Site "Doha"]
[Date "2003.02.27"]
[Round "6"]
[White "Altanoch, Gendengin"]
[Black "Hilwani, Talal"]
[Result "1-0"]
[WhiteElo "2284"]
[BlackElo "2291"]
[PlyCount "129"]
[EventDate "2003.02.22"]
[EventType "swiss"]
[EventRounds "9"]
[EventCountry "QAT"]
[SourceTitle "CBM 094"]
[Source "ChessBase"]
[SourceDate "2003.05.26"]
[SourceVersion "1"]
[SourceVersionDate "2003.05.26"]
[SourceQuality "1"]

1. d4 Nf6 2. c4 e6 3. Nc3 Bb4 4. e3 d5 5. Nf3 0-0 6. Qc2 c5 7. dxc5 Na6 8. cxd5 exd5 9. Be2 Nxc5 10. 0-0 Nce4 11. Nb5 Bf5 12. Qb3 Be7 13. Nbd4 Nc5 14. Qd1 Bg6 15. b3 Nce4 16. Bb2 Rc8 17. Rc1 Qa5 18. a3 Bd6 19. b4 Qd8 20. Qa4 Bb8 21. Rxc8 Qxc8 22. Rc1 Qd8 23. Qb5 Qe7 24. Ne1 Qe5 25. f4 Qe7 26. Nec2 Nd6 27. Qa4 Nc4 28. Qb3 Bxc2 29. Nxc2 Nxb2 30. Qxb2 Bxf4 31. Qd4 Bb8 32. Bf3 Rc8 33. Bxd5 Be5 34. Qd1 Nxd5 35. Qxd5 Bb2 36. Rd1 Rxc2 37. Qe4 Rxg2+ 38. Kf1 Rg1+ 39. Kxg1 Qg5+ 40. Kh1 g6 41. a4 b6 42. Qf4 Qe7 43. Rd5 Kg7 44. Kg2 h5 45. Kf3 Bc3 46. b5 Bf6 47. Qe4 Qc7 48. Rd2 Be5 49. Qc6 Qe7 50. Rd7 Qf8 51. Qd5 Bxh2 52. Rxa7 Qe8 53. Qd7 Qf8 54. Qe7 Qb8 55. Qxf7+ Kh6 56. Qg7+ Kg5 57. Qe7+ Kh6 58. Ke4 Qc8 59. Kd3 Qf5+ 60. Kc4 Qg4+ 61. e4 h4 62. Ra8 Qe2+ 63. Kd5 Qd3+ 64. Kc6 Qc4+ 65. Kb7 1-0

[Event "Asia-ch 4th"]
[Site "Doha"]
[Date "2003.02.25"]
[Round "4"]
[White "Altanoch, Gendengin"]
[Black "Neelotpal, Das"]
[Result "0-1"]
[WhiteElo "2284"]
[BlackElo "2406"]
[PlyCount "102"]
[EventDate "2003.02.22"]
[EventType "swiss"]
[EventRounds "9"]
[EventCountry "QAT"]
[SourceTitle "CBM 094"]
[Source "ChessBase"]
[SourceDate "2003.05.26"]
[SourceVersion "1"]
[SourceVersionDate "2003.05.26"]
[SourceQuality "1"]

1. d4 Nf6 2. c4 e6 3. Nc3 Bb4 4. e3 0-0 5. Bd3 c5 6. Nge2 Nc6 7. 0-0 d5 8. cxd5 exd5 9. a3 cxd4 10. Nxd4 Bd6 11. Nf3 Bg4 12. Be2 Rc8 13. b3 Bb8 14. Bb2 a6 15. Rc1 Re8 16. Re1 Qd6 17. g3 Ba7 18. Nd4 Ne5 19. Kg2 Rcd8 20. Bxg4 Nexg4 21. h3 Ne5 22. Nce2 Ne4 23. Ng1 Nc5 24. Rc3 Qg6 25. Ngf3 Ncd3 26. Re2 Qe4 27. Kh2 Rd6 28. Rd2 Bxd4 29. Nxd4 Nxb2 30. Rxb2 Rh6 31. f3 Qg6 32. Rbc2 Nd7 33. Rc8 Rf8 34. R8c7 Nf6 35. Rxb7 Qh5 36. Qf1 Qe5 37. Qd3 Re8 38. Re2 Rg6 39. f4 Qd6 40. Nf5 Qxa3 41. Rc2 h5 42. Rbc7 Qa1 43. Rc8 Rxc8 44. Rxc8+ Kh7 45. Nh4 Qe1 46. Nxg6 Qf2+ 47. Kh1 Ne4 48. Rh8+ Kxg6 49. g4 Qf3+ 50. Kg1 Qg3+ 51. Kf1 Qf2# 0-1

[Event "Asia-ch 4th"]
[Site "Doha"]
[Date "2003.02.23"]
[Round "2"]
[White "Altanoch, Gendengin"]
[Black "Sundararajan, Kidambi"]
[Result "0-1"]
[WhiteElo "2284"]
[BlackElo "2416"]
[PlyCount "54"]
[EventDate "2003.02.22"]
[EventType "swiss"]
[EventRounds "9"]
[EventCountry "QAT"]
[SourceTitle "CBM 094"]
[Source "ChessBase"]
[SourceDate "2003.05.26"]
[SourceVersion "1"]
[SourceVersionDate "2003.05.26"]
[SourceQuality "1"]

1. d4 Nf6 2. c4 e6 3. Nc3 Bb4 4. e3 0-0 5. Nge2 d5 6. a3 Be7 7. Ng3 c5 8. Be2 cxd4 9. exd4 dxc4 10. Bxc4 Nbd7 11. 0-0 Nb6 12. Ba2 Bd7 13. Nce4 Bc6 14. Ng5 Bd5 15. Bb1 Rc8 16. Re1 Bd6 17. Nh5 Rxc1 18. Nxf6+ gxf6 19. Bxh7+ Kg7 20. Nxe6+ fxe6 21. Rxc1 Kxh7 22. Rc3 Kg7 23. f4 Rh8 24. Qg4+ Kf7 25. Rg3 Qg8 26. Qe2 Qh7 27. Rh3 Qxh3 0-1

[Event "Tan Lian Ann Cup"]
[Site "Tianjing"]
[Date "2001.07.30"]
[Round "16"]
[White "Petronic, Jovan"]
[Black "Altanoch, Gendengin"]
[Result "1-0"]
[WhiteElo "2389"]
[BlackElo "2295"]
[PlyCount "51"]
[EventDate "2001.07.15"]
[EventType "tourn"]
[EventRounds "22"]
[EventCountry "CHN"]
[EventCategory "5"]
[SourceTitle "CBM 083 Extra"]
[Source "ChessBase"]
[SourceDate "2001.09.11"]
[SourceVersion "1"]
[SourceVersionDate "2001.09.11"]
[SourceQuality "1"]

1. e4 g6 2. d4 Bg7 3. Nc3 c6 4. Nf3 d6 5. Bc4 Nf6 6. Bb3 0-0 7. 0-0 Bg4 8. h3 Bxf3 9. Qxf3 e6 10. Bg5 h6 11. Bh4 Nbd7 12. Rad1 g5 13. Bg3 d5 14. Bd6 Re8 15. e5 Nh7 16. Ne2 Nhf8 17. c3 f6 18. exf6 Nxf6 19. Bh2 N6d7 20. Ng3 Qf6 21. Qe2 Ng6 22. Nh5 Qf7 23. f4 Nxf4 24. Bxf4 gxf4 25. Rxf4 Bf6 26. Rdf1 1-0

[Event "Tan Lian Ann Cup"]
[Site "Tianjing"]
[Date "2001.07.26"]
[Round "12"]
[White "Altanoch, Gendengin"]
[Black "Wu, Kaiyu"]
[Result "1/2-1/2"]
[WhiteElo "2295"]
[BlackElo "2284"]
[PlyCount "78"]
[EventDate "2001.07.15"]
[EventType "tourn"]
[EventRounds "22"]
[EventCountry "CHN"]
[EventCategory "5"]
[SourceTitle "CBM 083 Extra"]
[Source "ChessBase"]
[SourceDate "2001.09.11"]
[SourceVersion "1"]
[SourceVersionDate "2001.09.11"]
[SourceQuality "1"]

1. d4 c5 2. d5 e6 3. c4 exd5 4. cxd5 d6 5. Nc3 Nf6 6. e4 g6 7. Nf3 Bg7 8. Be2 0-0 9. 0-0 Bg4 10. h3 Bxf3 11. Bxf3 a6 12. Bf4 Re8 13. Re1 b5 14. e5 dxe5 15. d6 Ra7 16. Bxe5 Nbd7 17. Bg3 Nf8 18. Qd2 Ne6 19. Bc6 Rf8 20. Nd5 Nxd5 21. Qxd5 Nd4 22. Qxc5 Nxc6 23. Qxc6 Bxb2 24. Rad1 Qd7 25. Qxd7 Rxd7 26. Re2 Bc3 27. Rd3 b4 28. Rd5 f5 29. Re7 Rxe7 30. dxe7 Re8 31. Bd6 Kf7 32. Bc5 a5 33. Rd7 Bf6 34. Ra7 Bxe7 35. Be3 Ke6 36. Rxa5 Rc8 37. Ra6+ Kd5 38. g3 Bd6 39. Kg2 Rc6 1/2-1/2

[Event "Tan Lian Ann Cup"]
[Site "Tianjing"]
[Date "2001.07.25"]
[Round "11"]
[White "Altanoch, Gendengin"]
[Black "Petronic, Sanja"]
[Result "0-1"]
[WhiteElo "2295"]
[BlackElo "2279"]
[PlyCount "38"]
[EventDate "2001.07.15"]
[EventType "tourn"]
[EventRounds "22"]
[EventCountry "CHN"]
[EventCategory "5"]
[SourceTitle "CBM 083 Extra"]
[Source "ChessBase"]
[SourceDate "2001.09.11"]
[SourceVersion "1"]
[SourceVersionDate "2001.09.11"]
[SourceQuality "1"]

1. d4 Nf6 2. c4 e6 3. Nc3 Bb4 4. e3 0-0 5. Bd3 d5 6. cxd5 exd5 7. a3 Bxc3+ 8. bxc3 b6 9. Qa4 Qe8 10. Qc2 Ba6 11. Bxa6 Nxa6 12. Nf3 Rc8 13. 0-0 c5 14. Qd3 Qa4 15. Nd2 Rfe8 16. Re1 cxd4 17. cxd4 Nb4 18. axb4 Qxa1 19. Nb3 Qc3 0-1

[Event "Tan Lian Ann Cup"]
[Site "Tianjing"]
[Date "2001.07.23"]
[Round "9"]
[White "Altanoch, Gendengin"]
[Black "Li, Haoyu"]
[Result "0-1"]
[WhiteElo "2295"]
[BlackElo "2314"]
[PlyCount "120"]
[EventDate "2001.07.15"]
[EventType "tourn"]
[EventRounds "22"]
[EventCountry "CHN"]
[EventCategory "5"]
[SourceTitle "CBM 083 Extra"]
[Source "ChessBase"]
[SourceDate "2001.09.11"]
[SourceVersion "1"]
[SourceVersionDate "2001.09.11"]
[SourceQuality "1"]

1. d4 Nf6 2. c4 e5 3. dxe5 Ng4 4. Bf4 Bb4+ 5. Nd2 d6 6. exd6 Qf6 7. Bg3 Qxb2 8. Ngf3 Bf5 9. h3 Nf6 10. Be5 Qa3 11. Qc1 Qxc1+ 12. Rxc1 cxd6 13. Bxf6 gxf6 14. e3 Nd7 15. Be2 Rc8 16. 0-0 Rg8 17. Kh2 Nc5 18. a3 Ba5 19. Nb1 a6 20. Rcd1 Ke7 21. Rd4 Be6 22. Rh4 Rg7 23. Nd4 Kd7 24. Rd1 Bc7 25. Kg1 Rcg8 26. Bf3 Rg5 27. Rxh7 Bxc4 28. Nd2 Be6 29. Nxe6 Kxe6 30. Nf1 d5 31. Nd2 b6 32. Kf1 Rd8 33. Nb1 Ne4 34. Bh5 Rd7 35. Rh8 Rd8 36. Rh7 Rd7 37. Bf3 Rd8 38. a4 Rgg8 39. Be2 Nc5 40. Bg4+ f5 41. Bxf5+ Kf6 42. Bc2 Ne6 43. Rh6+ Ke7 44. Bb3 Nc5 45. Bc2 Ne6 46. Nc3 d4 47. exd4 Nxd4 48. Be4 Rg5 49. Rh4 Ne6 50. Nd5+ Kf8 51. Rh8+ Rg8 52. Rxg8+ Kxg8 53. Rc1 Be5 54. Nxb6 Rd4 55. f3 Rb4 56. Rb1 Rd4 57. a5 Nc5 58. Bf5 Bf6 59. Rc1 Nb3 60. Rc4 Nd2+ 0-1

[Event "Tan Lian Ann Cup"]
[Site "Tianjing"]
[Date "2001.07.04"]
[Round "21"]
[White "Altanoch, Gendengin"]
[Black "Ding, Linlin"]
[Result "1-0"]
[WhiteElo "2295"]
[BlackElo "2347"]
[PlyCount "71"]
[EventDate "2001.07.15"]
[EventType "tourn"]
[EventRounds "22"]
[EventCountry "CHN"]
[EventCategory "5"]
[SourceTitle "CBM 083 Extra"]
[Source "ChessBase"]
[SourceDate "2001.09.11"]
[SourceVersion "1"]
[SourceVersionDate "2001.09.11"]
[SourceQuality "1"]

1. d4 Nf6 2. c4 e5 3. dxe5 Ng4 4. Nf3 Bc5 5. e3 Nc6 6. Be2 Ngxe5 7. Nxe5 Nxe5 8. 0-0 Qh4 9. Nc3 0-0 10. Qd5 d6 11. Qe4 Qh6 12. Nd5 c6 13. Ne7+ Kh8 14. Nxc8 Raxc8 15. a3 Rce8 16. b4 Bb6 17. Qf5 d5 18. cxd5 cxd5 19. Bb5 Re6 20. e4 Qh4 21. exd5 Ng4 22. Bf4 Rh6 23. Bg3 Rf6 24. Bxh4 Rxf5 25. Rad1 g5 26. Bd7 Re5 27. Bg3 Re4 28. Bf5 Rc4 29. Bd3 Rcc8 30. Bf5 Rc4 31. d6 h5 32. d7 Kg7 33. Bd6 Rh8 34. Be7 Nxf2 35. Rxf2 Rf4 36. Bc5 1-0

[Event "Olympiad-34"]
[Site "Istanbul"]
[Date "2000.11.02"]
[Round "6.4"]
[White "Ramos, Ernesto"]
[Black "Altanoch, Gendengin"]
[Result "0-1"]
[WhiteElo "2298"]
[BlackElo "2281"]
[PlyCount "150"]
[EventDate "2000.10.28"]
[EventType "team-swiss"]
[EventRounds "14"]
[EventCountry "TUR"]
[SourceTitle "EXT 2001"]
[Source "ChessBase"]
[SourceDate "2000.11.22"]
[SourceVersion "1"]
[SourceVersionDate "2000.11.22"]
[SourceQuality "1"]
[WhiteTeam "Peru"]
[BlackTeam "Mongolia"]
[WhiteTeamCountry "PER"]
[BlackTeamCountry "MGL"]

1. d4 d5 2. Nf3 c6 3. e3 Bg4 4. c4 e6 5. h3 Bh5 6. Be2 Nd7 7. b3 f5 8. a4 Ngf6 9. 0-0 Ne4 10. Ne5 Bxe2 11. Qxe2 Nxe5 12. dxe5 Qc7 13. Bb2 Bb4 14. Qc2 0-0 15. Nc3 Bxc3 16. Bxc3 Rfd8 17. Rfd1 dxc4 18. bxc4 Rxd1+ 19. Rxd1 Rd8 20. Rd4 c5 21. Rxd8+ Qxd8 22. Be1 Ng5 23. f3 Nf7 24. Bc3 Qc7 25. e4 f4 26. Qd2 g5 27. h4 h6 28. hxg5 hxg5 29. Qb2 Qd7 30. Qc2 Kg7 31. g3 fxg3 32. Kg2 Kg6 33. Kxg3 Qd8 34. Qb1 b6 35. Qf1 Qh8 36. Qh3 Qxh3+ 37. Kxh3 Kh5 38. Kg3 Nd8 39. Kh3 Nc6 40. Kg3 Nb4 41. Bd2 Nd3 42. Bc3 Nf4 43. Bd2 Ne2+ 44. Kf2 Nd4 45. Kg3 Nc6 46. Bc3 a6 47. Kh3 Nb4 48. Kg3 Nc2 49. a5 bxa5 50. Bxa5 Na3 51. Bb6 Nxc4 52. Bxc5 a5 53. Kf2 a4 54. Ke2 Nxe5 55. Bd4 Ng6 56. Bc5 Kh4 57. Bd6 Kh3 58. Kf2 Nf4 59. Be7 Kh4 60. Bd6 Kh5 61. Ke3 Ng6 62. Kf2 Kh4 63. Kg2 Nh8 64. Be7 Nf7 65. Kh2 Kh5 66. Kg3 Ne5 67. Bf6 Nc4 68. Bc3 a3 69. f4 gxf4+ 70. Kxf4 a2 71. Kf3 Na5 72. Kf4 Kg6 73. Ke3 Nb3 74. Kd3 Kg5 75. Kc2 a1Q 0-1

[Event "Asia Cities-ch 12th"]
[Site "Beirut"]
[Date "2000.03.24"]
[Round "8"]
[White "Altanoch, Gendengin"]
[Black "Suleyman, A Kareem"]
[Result "1-0"]
[WhiteElo "2279"]
[BlackElo "2124"]
[PlyCount "76"]
[EventDate "2000.03.19"]
[EventType "team-swiss"]
[EventRounds "9"]
[EventCountry "LBN"]
[SourceTitle "EXT 2020"]
[Source "ChessBase"]
[SourceDate "2019.10.17"]
[SourceVersion "1"]
[SourceVersionDate "2019.10.17"]
[SourceQuality "1"]
[WhiteTeam "Ulaanbaatar"]
[BlackTeam "Dubai"]
[WhiteTeamCountry "MGL"]
[BlackTeamCountry "UAE"]

1. d4 d5 2. c4 e6 3. Nc3 Nf6 4. cxd5 exd5 5. Bg5 Be7 6. e3 0-0 7. Bd3 c6 8. Qc2 Nbd7 9. Nge2 Re8 10. 0-0 Ne4 11. Bxe7 Qxe7 12. Bxe4 dxe4 13. Ng3 Nf6 14. Rae1 Be6 15. f3 exf3 16. Rxf3 c5 17. Ref1 cxd4 18. exd4 Qd7 19. Rxf6 gxf6 20. d5 Bxd5 21. Nh5 Re6 22. Rd1 Qc7 23. Rxd5 Qb6+ 24. Kf1 Rae8 25. g3 Qa6+ 26. Kg2 Re2+ 27. Nxe2 Rxe2+ 28. Kh3 Qe6+ 29. Qf5 Qxf5+ 30. Rxf5 Rxb2 31. a4 Rb4 32. a5 h6 33. g4 b6 34. Kg3 b5 35. Nxf6+ Kf8 36. Nd7+ Kg7 37. Ne5 f6 38. Nc6 Rb3+ 1-0

[Event "Asia Cities-ch 12th"]
[Site "Beirut"]
[Date "2000.03.20"]
[Round "3"]
[White "Altanoch, Gendengin"]
[Black "Panbude, Umesh"]
[Result "1-0"]
[WhiteElo "2279"]
[BlackElo "2147"]
[PlyCount "69"]
[EventDate "2000.03.19"]
[EventType "team-swiss"]
[EventRounds "9"]
[EventCountry "LBN"]
[SourceTitle "EXT 2020"]
[Source "ChessBase"]
[SourceDate "2019.10.17"]
[SourceVersion "1"]
[SourceVersionDate "2019.10.17"]
[SourceQuality "1"]
[WhiteTeam "Ulaanbaatar"]
[BlackTeam "Nagpur"]
[WhiteTeamCountry "MGL"]
[BlackTeamCountry "IND"]

1. d4 d5 2. c4 c6 3. Nf3 Nf6 4. cxd5 cxd5 5. Nc3 Nc6 6. Bf4 a6 7. e3 e6 8. Bd3 Bd7 9. 0-0 Be7 10. Ne5 0-0 11. Rc1 Rc8 12. a3 Na5 13. b4 Nc4 14. Bxc4 dxc4 15. Nxd7 Qxd7 16. Na4 Qc6 17. Nc5 b5 18. Qf3 Nd5 19. Bg3 Rfd8 20. Rfd1 a5 21. e4 Nf6 22. Bh4 axb4 23. axb4 Ra8 24. Bxf6 Bxf6 25. d5 exd5 26. exd5 Qb6 27. d6 Ra2 28. d7 Ra7 29. Re1 g6 30. g3 c3 31. Qf4 Qc7 32. Re6 Bg5 33. Qe3 h6 34. f4 Be7 35. Rxe7 1-0

[Event "Wichern op 3rd"]
[Site "Hamburg"]
[Date "1995.??.??"]
[Round "6"]
[White "Kluth, Carsten"]
[Black "Altanoch, Gendengin"]
[Result "1-0"]
[WhiteElo "2190"]
[BlackElo "2355"]
[PlyCount "101"]
[EventDate "1995.09.??"]
[EventType "swiss"]
[EventRounds "9"]
[EventCountry "GER"]
[SourceTitle "EXT 1997"]
[Source "ChessBase"]
[SourceDate "1996.11.15"]
[SourceVersion "1"]
[SourceVersionDate "1996.11.15"]
[SourceQuality "1"]

1. d4 d5 2. c4 c6 3. Nf3 e6 4. e3 f5 5. Bd3 Bb4+ 6. Nc3 Nf6 7. Qc2 0-0 8. cxd5 cxd5 9. 0-0 Ne4 10. a3 Be7 11. Bd2 Nd7 12. Nb5 Ndf6 13. Bb4 Bd7 14. Bxe7 Qxe7 15. Nc3 Be8 16. Ne5 Bh5 17. f3 Nd6 18. Nb5 Rfc8 19. Qb3 Nde8 20. Qb4 Qd8 21. Rac1 a6 22. Nc3 Nd6 23. Ne2 g5 24. Rc5 Be8 25. Rfc1 b5 26. Rxc8 Rxc8 27. Rxc8 Nxc8 28. Qc5 Nd7 29. Nxd7 Bxd7 30. e4 Qb6 31. exd5 Qxc5 32. dxc5 exd5 33. Nd4 Ne7 34. a4 bxa4 35. Bxa6 Nc6 36. Bb5 Nxd4 37. Bxd7 Kf7 38. Bxa4 Ke6 39. Kf2 f4 40. b4 Ke5 41. Bd7 Nb3 42. Ke2 d4 43. Be8 Nc1+ 44. Kd2 Na2 45. b5 Nb4 46. Bf7 h6 47. Bc4 h5 48. b6 g4 49. Bb5 g3 50. hxg3 Kd5 51. b7 1-0